Bankolási lehetőségek Magyarországon, különös tekintettel a CIB Bank Zrt. által kínált lehetőségekre

Bibliographic Details
Main Author: Körmendi Eszter
Other Authors: Ferkelt Dr Balázs
Format: Final Paper
Kulcsszavak:bank, bankolás, elektronikus bankolás, fejlődés
Online Access:http://dolgozattar.uni-bge.hu/5170

MARC

LEADER 00000nta a2200000 i 4500
001 dolg5170
005 20160429101044.0
008 160429suuuu hu o 000 hun d
040 |a BGE Dolgozattár Repozitórium  |b hun 
041 |a hu 
100 1 |a Körmendi Eszter 
245 1 0 |a Bankolási lehetőségek Magyarországon, különös tekintettel a CIB Bank Zrt. által kínált lehetőségekre  |c Körmendi Eszter  |h [elektronikus dokumentum] 
516 |a Final_paper 
695 |a bank, bankolás, elektronikus bankolás, fejlődés 
700 1 |a Ferkelt Dr Balázs  |e ths 
856 4 0 |u http://dolgozattar.uni-bge.hu/5170/1/Bankol%C3%A1si%20lehet%C5%91s%C3%A9gek%20Magyarorsz%C3%A1gon.pdf  |z Dokumentum-elérés